All Dutch Players Current Bundesliga Teams - Statistics

General Stats
  • This quiz has been taken 32 times
  • The average score is 16 of 108
Answer Stats
Hint Answer % Correct
Bayern München Matthijs De Ligt
75%
Bayern München Arjen Robben
71%
Borussia Dortmund Donyell Malen
71%
Bayer Leverkussen Jeremie Frimpong
71%
Bayern München Ryan Gravenberch
58%
1899 Hoffenheim | VfL Wolfsburg Wout Weghorst
58%
RB Leipzig Xavi Simons
58%
Bayern München Daley Blind
54%
Bayern München Mark Van Bommel
54%
Borussia Mönchengladbach Luuk De Jong
50%
VfL Wolfsburg Micky Van De Ven
50%
1. FSV Mainz 05 Nigel De Jong
50%
Eintracht Frankfurt | VfL Wolfsburg Bas Dost
46%
Werder Bremen Davy Klaassen
42%
Bayer Leverkussen Mitchell Bakker
42%
SC Freiburg Mark Flekken
38%
Bayern München Roy Makaay
38%
Bayer Leverkussen Daley Sinkgraven
29%
1. FC Union Berlin Danilho Doekhi
29%
FC Augsburg Jeffrey Gouweleeuw
29%
Bayer Leverkussen Timothy Fosu-Mensah
29%
1. FSV Mainz 05 | VfL Wolfsburg Jeffrey Bruma
25%
Bayern München Joshua Zirkzee
25%
Eintracht Frankfurt Jetro Willems
21%
Eintracht Frankfurt Jonathan De Guzmán
21%
FC Augsburg | VfL Wolfsburg Paul Verhaegh
21%
1. FSV Mainz 05 Sepp Van Den Berg
21%
Werder Bremen Eljero Elia
17%
1. FSV Mainz 05 Jean-Paul Boëtius
17%
1. FSV Mainz 05 Jerry St. Juste
17%
1899 Hoffenheim Ryan Babel
17%
RB Leipzig Brian Brobbey
13%
1899 Hoffenheim Joshua Brenet
13%
RB Leipzig Justin Kluivert
13%
VfL Wolfsburg Riechedly Bazoer
13%
Borussia Mönchengladbach Roel Brouwers
13%
1. FSV Mainz 05 Anwar El Ghazi
8%
Borussia Mönchengladbach | Eintracht Frankfurt | Werder Bremen Arie Van Lent
8%
1899 Hoffenheim | Bayern München Edson Braafheid
8%
1899 Hoffenheim Justin Hoogma
8%
VfB Stuttgart Khalid Boulahrouz
8%
Eintracht Frankfurt Luc Castaignos
8%
Eintracht Frankfurt Sam Lammers
8%
Borussia Dortmund Cedric Van Der Gun
4%
1. FSV Mainz 05 Delano Burgzorg
4%
Bayer Leverkussen Erik Meijer
4%
VfB Stuttgart | Werder Bremen Frank Verlaat
4%
VfL Bochum Giliano Wijnaldum
4%
Borussia Dortmund Immanuël Pherai
4%
Bayern München Jan Wouters
4%
Werder Bremen Jesper Verlaat
4%
VfB Stuttgart Mohamed Sankoh
4%
RB Leipzig Noah Ohio
4%
VfL Wolfsburg Rick Hoogendorp
4%
1. FC Union Berlin Rick Van Drongelen
4%
Borussia Dortmund Alfred Nijhuis
0%
1. FC Köln Anthony Lurling
0%
VfL Bochum Anton Vriesde
0%
1. FC Köln Bart Carlier
0%
1. FSV Mainz 05 | Bayer Leverkussen Bernard Schuiteman
0%
1. FSV Mainz 05 Bert Balte
0%
Borussia Mönchengladbach Berthil Ter Avest
0%
Bayern München Boy Deul
0%
Eintracht Frankfurt De Jonge
0%
Borussia Dortmund Dennis Gentenaar
0%
SC Freiburg Ellery Cairo
0%
Borussia Mönchengladbach Erik Willaarts
0%
1. FC Köln Frans De Munck
0%
VfL Bochum Gerrit Plomp
0%
SC Freiburg Guus Til
0%
Borussia Dortmund | SC Freiburg Harry Decheiver
0%
Eintracht Frankfurt Hendrik Ter Horst
0%
VfL Wolfsburg Henk Van Meteren
0%
Eintracht Frankfurt Hermann Lumina Van 't Oever
0%
1. FC Heidenheim John Verhoek
0%
FC Augsburg Kees Kwakman
0%
VfL Wolfsburg Kevin Hofland
0%
Werder Bremen Lodewijk Roembiak
0%
Borussia Mönchengladbach Marcel Meeuwis
0%
Bayern München Martin Jol
0%
Borussia Mönchengladbach Max Huiberts
0%
1899 Hoffenheim Melayro Bogarde
0%
1. FC Köln Michel Van De Korput
0%
Borussia Mönchengladbach Niels Oude Kamphuis
0%
Borussia Mönchengladbach Patrick Paauwe
0%
Borussia Mönchengladbach Quido Lanzaat
0%
VfL Bochum Rein Van Duijnhoven
0%
Werder Bremen Robbert Te Loeke
0%
VfL Bochum Rob Reekers
0%
SV Darmstadt 98 Ronald Hoop
0%
SC Freiburg Samuel Koejoe
0%
1. FC Union Berlin Santi Kolk
0%
RB Leipzig Solomon Bonnah
0%
Werder Bremen Tahith Chong
0%
VfL Wolfsburg Tommie Van Der Leegte
0%
SC Freiburg Vincent Vermeij
0%
Bayern München Willem Hesselink
0%
Borussia Dortmund Willi Lippens
0%
No matching quizzes found
Score Distribution
Percent of People with Each Score
Percentile by Number Answered
Your Score History
You have not taken this quiz